Duden. Deusches Universalwörterbuch

Gespeichert in:
Bibliographische Detailangaben
Format: Buch
Sprache:Deutsch
Veröffentlicht: Mannheim : Dudenverlag, 1989
Ausgabe:2.völ.neu bearb.und star.Aufl.
Tags: Tag hinzufügen
Keine Tags, Fügen Sie das erste Tag hinzu!

MARC

LEADER 00000nam a22000003a 4500
001 stu6573
005 20150408182000.9
008 940923s1989----gw------------------ger-d
020 |a 3-411-02176-4 
040 |a STU  |b slo 
041 0 |a ger 
044 |a gw 
080 |a 803.0-3(038) 
245 |a Duden. Deusches Universalwörterbuch 
250 |a 2.völ.neu bearb.und star.Aufl. 
260 |a Mannheim :  |b Dudenverlag,  |c 1989 
300 |a 1816 s 
996 |b E79169  |c E*79169  |l EE18  |s P  |a 0  |w stu6573_0001